000 00747nam a22002057a 4500
005 20100812100344.0
010 _aENG-99629
020 _a9788123756059
_c110.00
035 _aEN-83161
037 _bDBAD/PUB
082 _aN
100 _aShukla, Vinod Kumar
_911434
245 T _aThe servant's shirt /
_cby Vinod Kumar Shukla ; translated by Satti Khanna
260 _aNew Delhi
_bNational Book Trust, India
_c2009
270 _aNehru Bhawan, 5, Institutional Area, Phase-II, Vasant Kunj
_bNew Delhi
_e110070
300 _axxi, 222p.
_c20cm (pbk)
700 _aKhanna, Satti
_911427
942 _2ddc
_cEN
_hN
_mSHU
999 _c41206
_d41206